[Event "Berlin Lichtenberger op 17th"]
[Site "Berlin"]
[Date "2018.08.24"]
[Round "7"]
[White "Korek, Jakob Alexander"]
[Black "Voeller, Lothar"]
[Result "1/2-1/2"]
[WhiteElo "1498"]
[BlackElo "1689"]
[PlyCount "120"]
[EventDate "2018.08.18"]
[EventType "swiss"]
[EventRounds "9"]
[EventCountry "GER"]
[SourceTitle "CBM 186 Extra"]
[Source "ChessBase"]
[SourceDate "2018.08.24"]
[SourceVersion "1"]
[SourceVersionDate "2018.08.24"]
[SourceQuality "1"]

1. d4 Nf6 2. c4 e6 3. Nc3 Bb4 4. Qc2 0-0 5. Nf3 d5 6. a3 Bxc3+ 7. Qxc3 b6 8. Bg5 Bb7 9. g3 h6 10. Bf4 Nbd7 11. cxd5 Nxd5 12. Qd2 N7f6 13. Bg2 Ne4 14. Qc1 Rc8 15. Bd2 c5 16. Qc2 f5 17. Qd3 c4 18. Qc2 Ba6 19. Ne5 Nxd2 20. Qxd2 c3 21. bxc3 Nxc3 22. Bf3 Nd5 23. 0-0 Bb7 24. e3 Qg5 25. Be2 Nf6 26. Qb2 Nd5 27. Qb3 Rc3 28. Qa2 Rfc8 29. h4 Qe7 30. Bc4 Qc7 31. Bxd5 Bxd5 32. Qe2 Qe7 33. a4 Bc4 34. Nxc4 R3xc4 35. Qf3 Qf6 36. Qb7 R4c7 37. Qf3 g5 38. d5 exd5 39. Qxd5+ Qf7 40. Rfd1 Qxd5 41. Rxd5 Rc5 42. Rad1 Rxd5 43. Rxd5 Rc5 44. Rxc5 bxc5 45. hxg5 hxg5 46. f3 Kf7 47. Kf1 Ke6 48. Ke2 Kd5 49. Kd3 a5 50. Kc3 g4 51. fxg4 fxg4 52. Kd3 c4+ 53. Kc3 Ke4 54. Kxc4 Kxe3 55. Kb5 Kf3 56. Kxa5 Kxg3 57. Kb5 Kf4 58. a5 g3 59. a6 g2 60. a7 g1Q 1/2-1/2

[Event "Berlin Lichtenberger op 17th"]
[Site "Berlin"]
[Date "2018.08.23"]
[Round "6"]
[White "Voeller, Lothar"]
[Black "Fontaine, Constantin"]
[Result "1-0"]
[WhiteElo "1689"]
[BlackElo "1487"]
[PlyCount "109"]
[EventDate "2018.08.18"]
[EventType "swiss"]
[EventRounds "9"]
[EventCountry "GER"]
[SourceTitle "CBM 186 Extra"]
[Source "ChessBase"]
[SourceDate "2018.08.24"]
[SourceVersion "1"]
[SourceVersionDate "2018.08.24"]
[SourceQuality "1"]

1. e4 e5 2. d3 Nc6 3. Nf3 Bc5 4. g3 d6 5. Bg2 Bg4 6. 0-0 Qd7 7. Be3 Bb6 8. Nc3 Nge7 9. a3 h5 10. h4 0-0-0 11. Qd2 Nd4 12. Bxd4 exd4 13. Ne2 c5 14. Ng5 Ng6 15. f3 Be6 16. Nxe6 fxe6 17. Bh3 Kb8 18. Qg5 Ne5 19. f4 Ng4 20. Bxg4 hxg4 21. Qxg4 d5 22. exd5 Qxd5 23. Qxg7 Rdg8 24. Qe5+ Qxe5 25. fxe5 Rxh4 26. Rf6 Rh5 27. Rxe6 Bc7 28. Rf1 Bxe5 29. Rf7 Rgh8 30. Kg2 Rh2+ 31. Kf3 Rxe2 32. Kxe2 Bxg3 33. Ree7 a6 34. Rxb7+ Kc8 35. Ra7 Re8+ 36. Rfe7 Rf8 37. Ra8+ Bb8 38. Rxa6 Kd8 39. Ree6 Bg3 40. Ra8+ Kd7 41. Rxf8 Kxe6 42. Kf3 Bd6 43. Re8+ Kd7 44. Re1 Kc6 45. Ke4 Bg3 46. Rb1 Bd6 47. a4 Kb6 48. Kd5 Bf8 49. Kc4 Be7 50. b3 Ka5 51. Re1 Bd6 52. Re6 Bf8 53. Rc6 Be7 54. Rxc5+ Bxc5 55. Kxc5 1-0

[Event "Berlin Lichtenberger op 17th"]
[Site "Berlin"]
[Date "2018.08.18"]
[Round "1"]
[White "Seitz, Patrick"]
[Black "Voeller, Lothar"]
[Result "1-0"]
[WhiteElo "1998"]
[BlackElo "1689"]
[PlyCount "71"]
[EventDate "2018.08.18"]
[EventType "swiss"]
[EventRounds "9"]
[EventCountry "GER"]
[SourceTitle "CBM 186 Extra"]
[Source "ChessBase"]
[SourceDate "2018.08.24"]
[SourceVersion "1"]
[SourceVersionDate "2018.08.24"]
[SourceQuality "1"]

1. e4 c6 2. Nf3 d5 3. Nc3 dxe4 4. Nxe4 Nf6 5. Nxf6+ exf6 6. d4 Bd6 7. Bd3 0-0 8. 0-0 Be6 9. c3 Nd7 10. Nh4 g6 11. f4 f5 12. Nf3 c5 13. Ng5 cxd4 14. Nxe6 fxe6 15. Bc4 Re8 16. Re1 Nf8 17. cxd4 Qc7 18. Qb3 Bxf4 19. Bxe6+ Nxe6 20. Rxe6 Rxe6 21. Qxe6+ Kg7 22. Bxf4 Qxf4 23. d5 Qd4+ 24. Kh1 Kh6 25. Qd7 Qxb2 26. Re1 Qb6 27. Qe7 Qd8 28. Qxb7 Rc8 29. d6 Rc2 30. Qe7 Qg8 31. Qh4+ Kg7 32. Re7+ Qf7 33. Rxf7+ Kxf7 34. Qe7+ Kg8 35. Qe1 Rc6 36. Qe8+ 1-0

[Event "Heusenstamm Sparkassen op-A 4th"]
[Site "Heusenstamm"]
[Date "2017.11.26"]
[Round "6"]
[White "Spelleken, Hans Gerd"]
[Black "Voeller, Lothar"]
[Result "1-0"]
[WhiteElo "1784"]
[BlackElo "1708"]
[PlyCount "105"]
[EventDate "2017.11.23"]
[EventType "swiss"]
[EventRounds "7"]
[EventCountry "GER"]
[SourceTitle "EXT 2019"]
[Source "ChessBase"]
[SourceDate "2018.10.10"]
[SourceVersion "1"]
[SourceVersionDate "2018.10.10"]
[SourceQuality "1"]

1. Nf3 Nf6 2. d4 e6 3. e3 d5 4. Bd3 c5 5. c3 Nc6 6. Nbd2 cxd4 7. exd4 Be7 8. 0-0 0-0 9. Re1 b6 10. Nf1 a6 11. Ng3 b5 12. a3 h6 13. Ne5 Bb7 14. Ng4 Nxg4 15. Qxg4 Bg5 16. f4 Bh4 17. Nh5 Bf6 18. f5 exf5 19. Qxf5 Bxd4+ 20. cxd4 g6 21. Nf6+ Kg7 22. Nh5+ Kh7 23. Qf4 Qg5 24. Qf3 Nxd4 25. Qh3 Bc8 26. Bxg5 Bxh3 27. Bf6 Nb3 28. gxh3 Nxa1 29. Rxa1 Rfe8 30. Nf4 Re3 31. Kf2 Ree8 32. Bd4 Re7 33. Nxd5 Rd8 34. Nxe7 Rxd4 35. Ke3 Rh4 36. Bf1 Rh5 37. Kd4 Rh4+ 38. Kd3 Rf4 39. Ke3 Rf6 40. Nd5 Re6+ 41. Kd4 f5 42. Bd3 Kg7 43. Rc1 h5 44. Rc7+ Kh6 45. Re7 Rc6 46. h4 g5 47. Bxf5 gxh4 48. Re6+ Rxe6 49. Bxe6 Kg5 50. Kc5 h3 51. Kb6 b4 52. axb4 h4 53. Kxa6 1-0

[Event "Heusenstamm Sparkassen op-A 4th"]
[Site "Heusenstamm"]
[Date "2017.11.23"]
[Round "1"]
[White "Voeller, Lothar"]
[Black "Lesny, Florian"]
[Result "0-1"]
[WhiteElo "1708"]
[BlackElo "2041"]
[PlyCount "84"]
[EventDate "2017.11.23"]
[EventType "swiss"]
[EventRounds "7"]
[EventCountry "GER"]
[SourceTitle "EXT 2019"]
[Source "ChessBase"]
[SourceDate "2018.10.10"]
[SourceVersion "1"]
[SourceVersionDate "2018.10.10"]
[SourceQuality "1"]

1. d4 d5 2. Bf4 Nf6 3. e3 e6 4. c3 c5 5. Nf3 Nc6 6. Bd3 Bd6 7. Bg3 0-0 8. Nbd2 b6 9. 0-0 Bb7 10. Ne5 Ne7 11. Rc1 Nf5 12. Re1 Nxg3 13. hxg3 Nd7 14. f4 Nxe5 15. fxe5 Be7 16. Nf3 f5 17. exf6 Bxf6 18. Qc2 h6 19. Bg6 Qc7 20. Nh4 Bxh4 21. gxh4 Qg3 22. h5 Rf6 23. Qe2 Ba6 24. Bd3 Bxd3 25. Qxd3 Rf2 26. Qf1 Rxf1+ 27. Rxf1 Qxe3+ 28. Kh1 Rf8 29. Rfe1 Qd2 30. Rcd1 Qc2 31. dxc5 bxc5 32. b4 Qxc3 33. bxc5 Qxc5 34. Rxe6 d4 35. Rd3 Qxh5+ 36. Rh3 Rf1+ 37. Kh2 Qd1 38. Rb3 d3 39. Re5 d2 40. Rb8+ Kh7 41. Rb7 Rh1+ 42. Kg3 Qe1+ 0-1

[Event "Berlin Lichtenberger op 16th"]
[Site "Berlin"]
[Date "2017.08.25"]
[Round "7"]
[White "Schulz, Toni1111"]
[Black "Voeller, Lothar"]
[Result "1-0"]
[WhiteElo "1878"]
[BlackElo "1714"]
[PlyCount "127"]
[EventDate "2017.08.19"]
[EventType "swiss"]
[EventRounds "9"]
[EventCountry "GER"]
[SourceTitle "CBM 180 Extra"]
[Source "ChessBase"]
[SourceDate "2017.10.06"]
[SourceVersion "1"]
[SourceVersionDate "2017.10.06"]
[SourceQuality "1"]

1. d4 f5 2. Bf4 Nf6 3. e3 e6 4. Nf3 Be7 5. Bd3 0-0 6. h3 b6 7. g4 Ne4 8. gxf5 exf5 9. Rg1 Bh4 10. Nxh4 Qxh4 11. Qe2 d6 12. Bxe4 fxe4 13. Qc4+ Rf7 14. Qd5 c6 15. Qxd6 Qe7 16. Nc3 Qxd6 17. Bxd6 Bxh3 18. Nxe4 Nd7 19. Ng5 Rf6 20. Be7 Rh6 21. Nxh3 Rxh3 22. Ke2 Re8 23. Bd6 Re6 24. Bg3 g6 25. c4 Nf6 26. Bb8 a6 27. Ba7 b5 28. cxb5 axb5 29. a4 bxa4 30. Rxa4 Rh5 31. Bc5 Re8 32. b4 Ne4 33. Ra6 Rc8 34. Rg4 Nf6 35. Rf4 Rf5 36. Rxf5 gxf5 37. b5 Nd5 38. Rxc6 Ra8 39. Ra6 Rb8 40. b6 Rb7 41. Ra8+ Kf7 42. Ra7 Rxa7 43. bxa7 Nc7 44. Kf3 Ke6 45. Kf4 Kf6 46. e4 fxe4 47. Kxe4 h5 48. d5 h4 49. Bd6 Na8 50. Kf4 h3 51. Kg4 Kg6 52. Kxh3 Kf5 53. Bb8 Nb6 54. d6 Ke6 55. Kg4 Kd7 56. f4 Kc8 57. f5 Kb7 58. f6 Nd7 59. Kf5 Nf8 60. f7 Nd7 61. Ke6 Nf8+ 62. Ke7 Ng6+ 63. Ke8 Kc8 64. d7+ 1-0

[Event "Berlin Lichtenberger op 16th"]
[Site "Berlin"]
[Date "2017.08.22"]
[Round "4"]
[White "Voeller, Lothar"]
[Black "Bruening, Wolfgang"]
[Result "1/2-1/2"]
[WhiteElo "1714"]
[BlackElo "1791"]
[PlyCount "110"]
[EventDate "2017.08.19"]
[EventType "swiss"]
[EventRounds "9"]
[EventCountry "GER"]
[SourceTitle "CBM 180 Extra"]
[Source "ChessBase"]
[SourceDate "2017.10.06"]
[SourceVersion "1"]
[SourceVersionDate "2017.10.06"]
[SourceQuality "1"]

1. e4 e6 2. Nc3 c5 3. Nf3 Nc6 4. Be2 d6 5. 0-0 Nf6 6. d3 Be7 7. h3 0-0 8. Nh2 e5 9. f4 Nd4 10. fxe5 dxe5 11. Nf3 Nxe2+ 12. Nxe2 Qc7 13. Ng3 Rd8 14. Qe1 a5 15. b3 Ne8 16. Bb2 f6 17. a4 Be6 18. Nh4 Rab8 19. Nhf5 Bf8 20. Qe2 b5 21. axb5 Rxb5 22. Qg4 Kh8 23. Qe2 c4 24. dxc4 Bxc4 25. Qxc4 Qxc4 26. bxc4 Rxb2 27. Rxa5 Rxc2 28. Rd5 Rc8 29. Rfd1 R2xc4 30. Rd8 Kg8 31. R1d7 Rc1+ 32. Kh2 g6 33. Rxc8 Rxc8 34. Ne7+ Bxe7 35. Rxe7 h5 36. h4 Kf8 37. Ra7 Rc7 38. Rxc7 Nxc7 39. Ne2 Ke7 40. Kh3 Kd6 41. g4 hxg4+ 42. Kxg4 Ne6 43. Ng3 Nd4 44. h5 gxh5+ 45. Kxh5 Ke6 46. Kg6 Nf3 47. Kh5 Ng5 48. Kg6 Nxe4 49. Nxe4 f5 50. Ng5+ Kd5 51. Kxf5 Kd4 52. Ne4 Kd5 53. Ng3 Kd4 54. Ne4 Kd5 55. Nf6+ Kd4 1/2-1/2

[Event "Berlin Lichtenberger op 16th"]
[Site "Berlin"]
[Date "2017.08.21"]
[Round "3"]
[White "Toth, Hans Juergen"]
[Black "Voeller, Lothar"]
[Result "0-1"]
[WhiteElo "1546"]
[BlackElo "1714"]
[PlyCount "86"]
[EventDate "2017.08.19"]
[EventType "swiss"]
[EventRounds "9"]
[EventCountry "GER"]
[SourceTitle "CBM 180 Extra"]
[Source "ChessBase"]
[SourceDate "2017.10.06"]
[SourceVersion "1"]
[SourceVersionDate "2017.10.06"]
[SourceQuality "1"]

1. f4 e5 2. fxe5 d6 3. exd6 Bxd6 4. Nf3 g5 5. g3 g4 6. Nh4 Ne7 7. d4 Ng6 8. Nxg6 hxg6 9. Bg2 Rxh2 10. 0-0 Bxg3 11. Qd3 Qd6 12. Qe4+ Qe7 13. Qxe7+ Kxe7 14. Bf4 Bxf4 15. Rxf4 Rh8 16. Nc3 c6 17. Raf1 f5 18. d5 Rd8 19. Rd1 a6 20. Rfd4 Kf6 21. e4 f4 22. Kf2 b5 23. dxc6 Rxd4 24. Rxd4 f3 25. Bf1 Nxc6 26. Rd6+ Kg5 27. Rxc6 Bb7 28. Rb6 Ra7 29. Kg3 Ba8 30. Rb8 Bc6 31. Rc8 Bd7 32. Rc5+ Kh6 33. Bd3 b4 34. Nd5 a5 35. Nf6 Be6 36. Nxg4+ Bxg4 37. Kxg4 Rf7 38. Rxa5 f2 39. Bf1 Rc7 40. Bd3 Rxc2 41. Kg3 Rxb2 42. Kg2 Rd2 43. Bc4 Rb2 0-1

[Event "Hessen-ch Seniors op 12th"]
[Site "Bad Sooden-Allendorf"]
[Date "2016.05.08"]
[Round "9"]
[White "Duijker, Bert"]
[Black "Voeller, Lothar"]
[Result "1-0"]
[WhiteElo "1889"]
[BlackElo "1758"]
[PlyCount "81"]
[EventDate "2016.04.30"]
[EventType "swiss"]
[EventRounds "9"]
[EventCountry "GER"]
[SourceTitle "EXT 2019"]
[Source "ChessBase"]
[SourceDate "2018.10.10"]
[SourceVersion "1"]
[SourceVersionDate "2018.10.10"]
[SourceQuality "1"]

1. Nf3 f5 2. d4 Nf6 3. c4 e6 4. g3 Be7 5. Bg2 0-0 6. 0-0 c6 7. b3 Qe8 8. Ba3 d6 9. Nc3 Nbd7 10. Rc1 Ne4 11. d5 cxd5 12. cxd5 e5 13. Nb5 Qg6 14. Nc7 Rb8 15. Qc2 Nb6 16. Nxe5 dxe5 17. Bxe7 Rf7 18. Ba3 h5 19. Bb2 Nd7 20. Ne6 h4 21. Qc7 hxg3 22. fxg3 Qh6 23. Bxe4 Qe3+ 24. Rf2 Qxe4 25. Ng5 Qxd5 26. Nxf7 Qxf7 27. Bxe5 Ra8 28. Qd8+ Qf8 29. Qxf8+ Nxf8 30. Rf3 Ng6 31. Bd4 f4 32. gxf4 Nh4 33. Rfc3 Bg4 34. Kf2 Bf5 35. Rc7 g6 36. Rg7+ Kf8 37. Rh7 Re8 38. Rxh4 Re4 39. Rc7 Be6 40. Rh8+ Bg8 41. Bc5+ 1-0

[Event "Hessen-ch Seniors op 12th"]
[Site "Bad Sooden-Allendorf"]
[Date "2016.05.06"]
[Round "7"]
[White "Bill, Eugen"]
[Black "Voeller, Lothar"]
[Result "0-1"]
[WhiteElo "1867"]
[BlackElo "1758"]
[PlyCount "92"]
[EventDate "2016.04.30"]
[EventType "swiss"]
[EventRounds "9"]
[EventCountry "GER"]
[SourceTitle "EXT 2019"]
[Source "ChessBase"]
[SourceDate "2018.10.10"]
[SourceVersion "1"]
[SourceVersionDate "2018.10.10"]
[SourceQuality "1"]

1. d4 f5 2. e4 fxe4 3. Nc3 Nf6 4. Bg5 c6 5. Bxf6 exf6 6. Nxe4 d5 7. Nd2 Bd6 8. Ngf3 0-0 9. Be2 Re8 10. 0-0 Bg4 11. h3 Bh5 12. Re1 Nd7 13. c4 dxc4 14. Nxc4 Bc7 15. Qb3 Bf7 16. Qxb7 Rxe2 17. Rxe2 Bxc4 18. Re3 Bf7 19. Qxc6 Rc8 20. Qa4 Bb6 21. Rae1 Nf8 22. Rc3 Rxc3 23. bxc3 h6 24. Qb5 Qd5 25. a4 Qxb5 26. axb5 Bc4 27. Rb1 Ba5 28. Nd2 Bd3 29. Rb3 Ne6 30. c4 Bc2 31. Ra3 Bxd2 32. Rxa7 Nxd4 33. b6 Bf4 34. Rd7 Nc6 35. c5 Kf8 36. b7 g5 37. g3 Bb8 38. h4 Bf5 39. Rd5 Be6 40. Rd3 Ke7 41. hxg5 hxg5 42. Kg2 Nd8 43. Rd2 Nxb7 44. c6 Nd6 45. f4 gxf4 46. gxf4 f5 0-1

[Event "Heusenstamm Sparkassen op-A 2nd"]
[Site "Heusenstamm"]
[Date "2015.11.28"]
[Round "5"]
[White "Voeller, Lothar"]
[Black "Kolker, Vladislav"]
[Result "0-1"]
[WhiteElo "1738"]
[BlackElo "2029"]
[PlyCount "76"]
[EventDate "2015.11.26"]
[EventType "swiss"]
[EventRounds "7"]
[EventCountry "GER"]
[SourceTitle "EXT 2018"]
[Source "ChessBase"]
[SourceDate "2017.10.13"]
[SourceVersion "1"]
[SourceVersionDate "2017.10.13"]
[SourceQuality "1"]

1. c4 Nf6 2. Nc3 g6 3. d4 Bg7 4. g3 0-0 5. Bg2 d6 6. Nf3 Nc6 7. 0-0 a6 8. a3 Na5 9. Nd2 c5 10. b4 cxd4 11. Na4 Nc6 12. Bb2 e5 13. c5 Bf5 14. cxd6 Qxd6 15. Nc4 Qe7 16. Ncb6 Rad8 17. Nc5 Qc7 18. Nba4 Bc8 19. Bc1 b6 20. Ne4 Nxe4 21. Bxe4 Bb7 22. f4 f5 23. Qb3+ Kh8 24. Bg2 e4 25. Bb2 Rd6 26. Rac1 Rfd8 27. e3 R8d7 28. exd4 Qd8 29. Rc4 b5 30. Rxc6 bxa4 31. Rxd6 axb3 32. Rxd7 Qxd7 33. Rd1 h5 34. Bf1 e3 35. Bc4 Qc6 36. d5 Qxc4 37. Bxg7+ Kxg7 38. d6 Qe2 0-1

[Event "Heusenstamm Sparkassen op-A 2nd"]
[Site "Heusenstamm"]
[Date "2015.11.26"]
[Round "1"]
[White "Kalepky, Helmut"]
[Black "Voeller, Lothar"]
[Result "0-1"]
[WhiteElo "2064"]
[BlackElo "1738"]
[PlyCount "154"]
[EventDate "2015.11.26"]
[EventType "swiss"]
[EventRounds "7"]
[EventCountry "GER"]
[SourceTitle "EXT 2018"]
[Source "ChessBase"]
[SourceDate "2017.10.13"]
[SourceVersion "1"]
[SourceVersionDate "2017.10.13"]
[SourceQuality "1"]

1. d4 f5 2. c4 Nf6 3. g3 e6 4. Bg2 Be7 5. Nf3 0-0 6. 0-0 d6 7. b3 Qe8 8. Bb2 a5 9. Nc3 Na6 10. Qc2 Nb4 11. Qb1 Rb8 12. e4 fxe4 13. Nxe4 b5 14. a3 Nxe4 15. Qxe4 d5 16. Qe2 Na6 17. c5 Bf6 18. Rac1 c6 19. Ne5 b4 20. a4 Nc7 21. Rfe1 Ba6 22. Qg4 Bxe5 23. Rxe5 Bd3 24. Rce1 Bf5 25. Qe2 Qg6 26. Bc1 Rf7 27. Bf4 Rbf8 28. Bf3 Bd3 29. Bh5 Bxe2 30. Bxg6 hxg6 31. R5xe2 Rxf4 32. gxf4 Rxf4 33. Rd2 Kf7 34. Kg2 Ne8 35. Kg3 Rf5 36. Re5 Nf6 37. Rxf5 gxf5 38. f3 g5 39. Kf2 Kg6 40. Re2 Kf7 41. Re1 Nh5 42. h4 Nf4 43. Rh1 gxh4 44. Rxh4 Nd3+ 45. Ke3 Nc1 46. Rh1 Na2 47. Kf4 Kf6 48. Rh6+ Kf7 49. Ke5 Nc1 50. Rxe6 Nxb3 51. Rxc6 Nd2 52. Kxd5 Nxf3 53. Ra6 b3 54. Kc4 b2 55. Ra7+ Ke8 56. Rb7 Nd2+ 57. Kd5 b1Q 58. Rxb1 Nxb1 59. Ke6 Nc3 60. Kxf5 Nxa4 61. Ke4 Kd7 62. Kd3 Kc6 63. Kc4 Nb2+ 64. Kb3 Nd3 65. Kc3 Nf4 66. Kb3 Kb5 67. Kc3 Nd5+ 68. Kb3 Nb4 69. Kc3 a4 70. Kb2 Nd5 71. Ka3 Ka5 72. Kb2 Kb4 73. Ka2 a3 74. Ka1 Kb3 75. c6 Nb4 76. c7 Nc2+ 77. Kb1 a2+ 0-1

[Event "Berlin Lichtenberger op 14th"]
[Site "Berlin"]
[Date "2015.08.21"]
[Round "7"]
[White "Bernstein, Jeremy"]
[Black "Voeller, Lothar"]
[Result "1-0"]
[WhiteElo "1552"]
[BlackElo "1789"]
[PlyCount "120"]
[EventDate "2015.08.15"]
[EventType "swiss"]
[EventRounds "9"]
[EventCountry "GER"]
[SourceTitle "EXT 2016"]
[Source "ChessBase"]
[SourceDate "2015.10.08"]
[SourceVersion "1"]
[SourceVersionDate "2015.10.08"]
[SourceQuality "1"]

1. d4 f5 2. g3 Nf6 3. Bg2 e6 4. Bf4 Be7 5. Nf3 0-0 6. Nbd2 d5 7. 0-0 c5 8. c4 Nc6 9. e3 Qb6 10. cxd5 Nxd5 11. Nc4 Qd8 12. Nce5 g5 13. Nxc6 bxc6 14. Be5 g4 15. Nd2 cxd4 16. Bxd4 c5 17. Be5 Bb7 18. Nc4 Bf6 19. Qc1 Ba6 20. Rd1 Bxc4 21. Bxf6 Qxf6 22. Qxc4 Nb6 23. Qxc5 Rac8 24. Qa3 Rc7 25. Rac1 Rfc8 26. b3 h5 27. Rxc7 Rxc7 28. Rc1 Re7 29. Rd1 Kg7 30. Qc1 h4 31. Qa1 e5 32. Rc1 hxg3 33. hxg3 e4 34. Qxf6+ Kxf6 35. Rc6+ Re6 36. Rxe6+ Kxe6 37. Kf1 Nd5 38. Ke1 Kd6 39. Kd2 Nb4 40. a3 Nd3 41. f3 gxf3 42. Bxf3 Nc5 43. Bd1 Nd3 44. Bh5 Ke5 45. Kc3 Ne1 46. Be2 Kf6 47. Kd2 Nf3+ 48. Bxf3 exf3 49. Ke1 Ke5 50. Kf2 Ke4 51. b4 a6 52. a4 Kd5 53. Kxf3 Kc4 54. b5 a5 55. b6 Kb4 56. b7 Kxa4 57. b8Q Ka3 58. Kf4 a4 59. Kxf5 Ka2 60. Qb4 a3 1-0

[Event "Hessen-ch Seniors op 11th"]
[Site "Bad Sooden-Allendorf"]
[Date "2015.05.17"]
[Round "9"]
[White "Voeller, Lothar"]
[Black "Merettig, Georg"]
[Result "1/2-1/2"]
[WhiteElo "1735"]
[BlackElo "1884"]
[PlyCount "52"]
[EventDate "2015.05.09"]
[EventType "swiss"]
[EventRounds "9"]
[EventCountry "GER"]
[SourceTitle "EXT 2018"]
[Source "ChessBase"]
[SourceDate "2017.10.13"]
[SourceVersion "1"]
[SourceVersionDate "2017.10.13"]
[SourceQuality "1"]

1. b3 f5 2. e4 fxe4 3. d3 Nf6 4. Bb2 d5 5. dxe4 dxe4 6. Qxd8+ Kxd8 7. Bxf6 exf6 8. Nc3 Bb4 9. Nge2 Bg4 10. 0-0-0+ Kc8 11. Nxe4 Re8 12. f3 Bh5 13. g4 Bg6 14. Bh3 b6 15. Kb2 Nc6 16. c3 Be7 17. a4 Kb7 18. Bg2 Rad8 19. h4 Ne5 20. h5 Bf7 21. f4 Nc6 22. Nd4 Bd5 23. Nxc6 Bxc6 24. Rxd8 Rxd8 25. Kc2 g6 26. hxg6 hxg6 1/2-1/2

[Event "Heusenstamm Schloss op 1st"]
[Site "Heusenstamm"]
[Date "2014.11.20"]
[Round "1"]
[White "Schupp, Tobias"]
[Black "Voeller, Lothar"]
[Result "1/2-1/2"]
[WhiteElo "2130"]
[BlackElo "1715"]
[PlyCount "170"]
[EventDate "2014.11.20"]
[EventType "swiss"]
[EventRounds "7"]
[EventCountry "GER"]
[SourceTitle "CBM 163 Extra"]
[Source "ChessBase"]
[SourceDate "2014.12.23"]
[SourceVersion "1"]
[SourceVersionDate "2014.12.23"]
[SourceQuality "1"]

1. e4 c5 2. c3 g6 3. Bc4 Bg7 4. Nf3 Nc6 5. 0-0 d6 6. d4 cxd4 7. cxd4 e5 8. Bg5 Nf6 9. dxe5 dxe5 10. Qxd8+ Nxd8 11. Nxe5 0-0 12. Nc3 Ne6 13. Be3 Nxe4 14. Nxg6 hxg6 15. Nxe4 Bxb2 16. Rab1 Bg7 17. Bd5 Rb8 18. Bxa7 Ra8 19. Be3 Nd8 20. Bc5 Re8 21. Nd6 Re5 22. Rfd1 Be6 23. Bxb7 Nxb7 24. Nxb7 Rxa2 25. Be3 Rd5 26. Nc5 Rxd1+ 27. Rxd1 Bf5 28. Rd8+ Kh7 29. h3 Be5 30. g4 Bc2 31. Kg2 Ra1 32. Rd7 Kg8 33. h4 Rd1 34. Ra7 Bd4 35. Bxd4 Rxd4 36. Kg3 Bd1 37. f3 Rc4 38. Ne4 Ra4 39. Rd7 Bb3 40. Rd8+ Kg7 41. g5 Ra6 42. Nf6 Rxf6 43. gxf6+ Kxf6 44. Kf4 Be6 45. Rb8 Kg7 46. Ke5 Bh3 47. Re8 f6+ 48. Kd6 Kf7 49. Re7+ Kf8 50. f4 Bg4 51. Rb7 Bf5 52. Rb8+ Kf7 53. Rb7+ Kf8 54. Rb5 Bg4 55. Ra5 Kf7 56. Ra7+ Kf8 57. Kd5 Bf5 58. Rh7 Kg8 59. Rb7 Kf8 60. Rb2 Ke7 61. Re2+ Kf7 62. Kd6 Bg4 63. Rh2 Bh5 64. Rg2 Bf3 65. Rg3 Bh5 66. Kd7 Be2 67. Kd6 Bd1 68. Kd5 Bc2 69. Rc3 Bf5 70. Kd6 Bg4 71. Rc5 Bh3 72. h5 gxh5 73. f5 Bxf5 74. Rxf5 Kg6 75. Ke6 h4 76. Rxf6+ Kg5 77. Rf8 h3 78. Ke5 Kg4 79. Ke4 Kg3 80. Ke3 Kg2 81. Rg8+ Kf1 82. Rh8 Kg2 83. Kf4 h2 84. Rg8+ Kf2 85. Rh8 Kg2 1/2-1/2

[Event "Hessen-ch Seniors op 10th"]
[Site "Bad Sooden-Allendorf"]
[Date "2014.05.02"]
[Round "7"]
[White "Gottschalk, Juergen"]
[Black "Voeller, Lothar"]
[Result "0-1"]
[WhiteElo "1617"]
[BlackElo "1561"]
[PlyCount "55"]
[EventDate "2014.04.26"]
[EventType "swiss"]
[EventRounds "9"]
[EventCountry "GER"]
[SourceTitle "EXT 2018"]
[Source "ChessBase"]
[SourceDate "2017.10.13"]
[SourceVersion "1"]
[SourceVersionDate "2017.10.13"]
[SourceQuality "1"]

1. e4 c6 2. d4 d5 3. e5 Bf5 4. f4 e6 5. Nf3 h6 6. Nc3 Nd7 7. a3 c5 8. Be3 a6 9. h3 cxd4 10. Bxd4 Bc5 11. Bxc5 Nxc5 12. Bd3 Nxd3+ 13. cxd3 Ne7 14. b4 0-0 15. 0-0 Ng6 16. Qd2 b5 17. g4 Bxd3 18. Qxd3 Nxf4 19. Qd2 Nxh3+ 20. Kh2 Ng5 21. Nxg5 hxg5 22. Rad1 Qc7 23. Qd4 f6 24. Rde1 Rac8 25. Nd1 Qc2+ 26. Kg1 Rc4 27. Qf2 Rxg4+ 28. Kh2 0-1

[Event "Hessen-ch Seniors op 10th"]
[Site "Bad Sooden-Allendorf"]
[Date "2014.04.28"]
[Round "3"]
[White "Kleist, Werner"]
[Black "Voeller, Lothar"]
[Result "0-1"]
[WhiteElo "1900"]
[BlackElo "1561"]
[PlyCount "58"]
[EventDate "2014.04.26"]
[EventType "swiss"]
[EventRounds "9"]
[EventCountry "GER"]
[SourceTitle "EXT 2018"]
[Source "ChessBase"]
[SourceDate "2017.10.13"]
[SourceVersion "1"]
[SourceVersionDate "2017.10.13"]
[SourceQuality "1"]

1. b4 e5 2. b5 c6 3. Bb2 d6 4. c4 Nf6 5. e3 Be7 6. Nf3 0-0 7. Be2 a6 8. a4 axb5 9. cxb5 Be6 10. 0-0 h6 11. Nc3 Nbd7 12. h3 Nb6 13. Nh2 Nc4 14. Bxc4 Bxc4 15. d3 Be6 16. e4 Nd7 17. Ne2 f5 18. f4 fxe4 19. dxe4 Bc4 20. bxc6 bxc6 21. f5 Qb6+ 22. Rf2 Qxb2 23. Nf4 Qd4 24. Qxd4 exd4 25. Ng6 Rfe8 26. Rd2 c5 27. Ng4 Bf6 28. Nf2 Ne5 29. Nxe5 Bxe5 0-1